000 00644nam a2200229Ia 4500
003 OSt
005 20221005123458.0
006 a|||||r|||| 00| 0
007 ta
008 221004b |||||||| |||| 00| 0 eng d
024 _a69254
037 _cTextual
040 _aCRL
_cCRL
_beng
041 _2eng
_aeng
082 _aV3:1:M8, B4.1-.2
100 _aFitzgerald Percy
_9633706
245 0 _aLife and times of William IV
_b Including a view of social life and manners during his reign.2V.
260 _c1884
650 _aHISTORY
942 _hV3:1:M8, B4.1-.2
_cTEXL
_2cc
999 _c1047546
_d1047546